ARRUPE JESUIT UNIVERSITY

CORONAVIRUS -STOP THE SPREAD - CLEAN,DISINFECT,COVER

The Cistercians in Scandinavia / (Record no. 118625)

MARC details
000 -LEADER
fixed length control field 01022pam a2200289 a 4500
001 - CONTROL NUMBER
control field 2959543
003 - CONTROL NUMBER IDENTIFIER
control field ARRUPE
005 - DATE AND TIME OF LATEST TRANSACTION
control field 20131121170749.0
008 - FIXED-LENGTH DATA ELEMENTS--GENERAL INFORMATION
fixed length control field 910318s1992 miuab b 001 0 eng
010 ## - LIBRARY OF CONGRESS CONTROL NUMBER
LC control number 91013907
020 ## - INTERNATIONAL STANDARD BOOK NUMBER
International Standard Book Number 0879075317
020 ## - INTERNATIONAL STANDARD BOOK NUMBER
International Standard Book Number 0879078316
040 ## - CATALOGING SOURCE
Original cataloging agency DLC
Transcribing agency DLC
Modifying agency DLC
043 ## - GEOGRAPHIC AREA CODE
Geographic area code ev-----
050 00 - LIBRARY OF CONGRESS CALL NUMBER
Classification number BX3443.A1
Item number C57 1992
300 ## - PHYSICAL DESCRIPTION
Other physical details ill., maps ;
Dimensions 23 cm.
100 1# - MAIN ENTRY--PERSONAL NAME
Personal name France, James.
9 (RLIN) 3625
245 14 - TITLE STATEMENT
Title The Cistercians in Scandinavia /
Statement of responsibility, etc by James France.
260 ## - PUBLICATION, DISTRIBUTION, ETC. (IMPRINT)
Place of publication, distribution, etc Kalamazoo, Mich. :
Name of publisher, distributor, etc Cistercian Publications,
Date of publication, distribution, etc 1992.
300 ## - PHYSICAL DESCRIPTION
Extent xxiii, 577 p. :
440 #0 - SERIES STATEMENT/ADDED ENTRY--TITLE
Title Cistercian studies series ;
Volume number/sequential designation no. 131
9 (RLIN) 3626
504 ## - BIBLIOGRAPHY, ETC. NOTE
Bibliography, etc Includes bibliographical references (p. 537-558) and index.
610 20 - SUBJECT ADDED ENTRY--CORPORATE NAME
Corporate name or jurisdiction name as entry element Cistercians
Geographic subdivision Scandinavia
General subdivision History.
9 (RLIN) 3627
651 #0 - SUBJECT ADDED ENTRY--GEOGRAPHIC NAME
Geographic name Scandinavia
General subdivision Church history.
9 (RLIN) 3628
906 ## - LOCAL DATA ELEMENT F, LDF (RLIN)
a 7
b cbc
c orignew
d 1
e ocip
f 19
g y-gencatlg
942 ## - ADDED ENTRY ELEMENTS (KOHA)
Source of classification or shelving scheme Library of Congress Classification
Koha item type Monograph ( Printed materials)
Holdings
Withdrawn status Lost status Source of classification or shelving scheme Damaged status Not for loan Home library Current library Shelving location Date acquired Total Checkouts Full call number Barcode Date last seen Price effective from Koha item type
    Library of Congress Classification     ARRUPE LIBRARY ARRUPE LIBRARY Main Collection 21/11/2013   BX3443.A1 C57 1992 46411633 22/11/2017 21/11/2013 Monograph ( Printed materials)

 

Arrupe Library. PO Box MP320 Mt Pleasant, Harare, Zimbabwe
263 242 745411|librarian@aju.ac.zw